000 00346nam a2200133Ia 4500
008 220216s9999 xx 000 0 und d
100 _aKpolo Mapri
245 0 _aNatural rubber production in Africa
260 _bRubber International Magazine
_c1999
300 _a55-61
650 _aAfrica
650 _aNatural rubber production
942 _cJS
999 _c63610
_d63610